| 000 | 00883 a2200277 4500 | ||
|---|---|---|---|
| 001 | 200428534 | ||
| 003 | TR-AnTOB | ||
| 005 | 20250120142357.0 | ||
| 007 | ta | ||
| 008 | 180120s2009 tu oooo o00| 0 tur d | ||
| 040 |
_aTR-AnTOB _beng _cTR-AnTOB _erda |
||
| 041 | _atur | ||
| 050 | 1 | 4 |
_aDR589 _b.K378 2009 |
| 090 |
_aDR589 _b.K378 2009 |
||
| 100 | 1 |
_aÖzbek, Fahri _ephotographer _eauthor _9122726 |
|
| 245 | 1 | 0 |
_aİnebolu'dan Ankara'ya Atatürk ve İstiklal yolu / _cFahri Özbek. |
| 264 | 1 |
_aİstanbul : _bDönence Basım ve Yayın hizmetleri ; _c2009. |
|
| 300 |
_a128 pages _c30 cm |
||
| 336 |
_2rdacontent _atext _btxt |
||
| 337 |
_2rdamedia _aunmedia _bn |
||
| 338 |
_2rdacarrier _avolume _bnc |
||
| 651 | 0 |
_aTürkiye _xTarih _yKurtuluş Savaşı, 1918-1923 _910811 |
|
| 651 | 0 |
_aTurkey _xHistory _yRevolution, 1918-1923 _941590 |
|
| 942 |
_2lcc _cBK |
||
| 999 |
_c200428534 _d46458 |
||